Globální ekonomika v digitální kůži
Pripravenosť krajín na e-biznis podľa agentúry Economist Intelligence Unit. Otvorenosť trhu voči internetu. Poradie štátov podľa ich pripravenosti na e-biznis. Dominancia európskych krajín. Pozícia Slovenska a Česka.
Guardado en:
| Autor principal: | |
|---|---|
| Otros Autores: | |
| Formato: | Capítulo de libro |
| Lenguaje: | checo |
| Materias: | |
| Etiquetas: |
Sin Etiquetas, Sea el primero en etiquetar este registro!
|
MARC
| LEADER | 00000naa$a2200000$$$4500 | ||
|---|---|---|---|
| 001 | 0030345 | ||
| 005 | 20231018124611.1 | ||
| 041 | 0 | |a cze | |
| 044 | |a CZ | ||
| 245 | 1 | 0 | |a Globální ekonomika v digitální kůži |c Vladimíra Králiková, Radovan Suk |
| 520 | |a Pripravenosť krajín na e-biznis podľa agentúry Economist Intelligence Unit. Otvorenosť trhu voči internetu. Poradie štátov podľa ich pripravenosti na e-biznis. Dominancia európskych krajín. Pozícia Slovenska a Česka. | ||
| 610 | 2 | 0 | |a digitalizácia |
| 610 | 2 | 0 | |a obchod elektronický |
| 610 | 2 | 0 | |a technológie informačné |
| 610 | 2 | 0 | |a technológie komunikačné |
| 610 | 2 | 0 | |a internet |
| 610 | 2 | 0 | |a komunikácia elektronická |
| 610 | 2 | 0 | |a krajiny vyspelé |
| 610 | 2 | 0 | |a krajiny rozvojové |
| 610 | 2 | 0 | |a svet |
| 100 | 1 | |a Králiková, Vladimíra | |
| 700 | 1 | |a Suk, Radovan | |